000 00566nam a2200205 a 4500
005 20140311163027.0
008 080922s19uu xx 00 eng d
020 _a9780750681339
050 _aHF 5415
_b.M4419 2007
100 _aMeldrum, Mike
245 _aMarketing in a nutshell :
_bkey concepts for non-specialists. /
260 _aAmsterdam :
_bElsevier,
_c2007.
300 _a294 p. :
_bill. ;
_c25 cm.
521 _aBSBA
650 _aMarketing book.
650 _aMarketing.
700 _aMcDonald, Malcolm
942 _cBK
_2lcc
_kFOR
999 _c39562
_d39562